000 00868nam a22002777a 4500
001 BR8703318
003 BR-BrBNA
005 20230928092604.0
007 ta
008 230509b bl.||||| |||| 00| 0 por d
040 _aBR-BrBNA
_bpor
_cBiblioteca Nacional de Agricultura
041 _a(Por)
072 _aE13
_b/G514
090 _ E13 BR8703318
110 1 _aMinisterio da Agricultura, Brasilia, DF (Brasil). Secretaria Geral
245 1 _aRelatorio de convenios, ajustes, contratos e termos aditivos aprovados pela Comissao de Coordenacao Financeira - C.C.F. atualizado ate agosto de 1980
260 3 _aBrasilia, DF (Brasil):
_c1980.
300 _a137 p.
500 _aNumerical data
650 _aAGRICULTURA
650 _aRECURSO ECONOMICO
650 _aCONVENIO
650 _aTERMO ADITIVO
909 _a202309
_bLucia
_c55
_dLucia Elande
942 _cBK
999 _c40005
_d40005